00918nam a22002415i 4500001000700000003000900007005001700016008004100033080001400074100002800088245010200116250001200218260003400230300002200264490005200286504003200338650003100370700003400401830006000435852003900495999001900534952012300553178049ES-MaACL20230906220454.0110516s1968 sp |||| | spa d a316.323.21 aScotti, Pietro.914653113aLa vida social de los pueblos primitivos / cPietro Scotti ; [traducción de Enrique Obregón]. a1ª ed. aBarcelona : bCredsa, c1968. a279 p. ; c18 cm.1 aPanoramas A-Z. La universidad en su mano ; v42 aBibliografía: p. 267-272.04aSociedad primitiva.9171770 aObregón, Enrique de.9864250 aPanoramas A-Z. La universidad en su mano ; v429190680 aES-MaACLjE-15092 xOlim P-269-bis c178049d178049 00104070aATENEOMbATENEOMcDEPO2d2011-05-16eDONl0oE-15092p1187041r2023-02-23 00:00:00w2023-02-23yMONOGRAFIA